Planting and managing : A conceptual framework of plantation management (Record no. 65140)

MARC details
000 -LEADER
fixed length control field 00381nam a2200133Ia 4500
100 ## - MAIN ENTRY--AUTHOR NAME
Personal name Subhash Sharma
245 #0 - TITLE STATEMENT
Title Planting and managing : A conceptual framework of plantation management
260 ## - PUBLICATION, DISTRIBUTION, ETC. (IMPRINT)
Name of publisher Planters Chronicle
Year of publication 1997
300 ## - PHYSICAL DESCRIPTION
Number of Pages 59-65
650 ## - SUBJECT ADDED ENTRY--TOPICAL TERM
Topical Term Plantation management
650 ## - SUBJECT ADDED ENTRY--TOPICAL TERM
Topical Term Planting material
942 ## - ADDED ENTRY ELEMENTS (KOHA)
Koha item type Journals
Holdings
Withdrawn status Lost status Damaged status Not for loan Home library Current library Shelving location Date acquired Serial Enumeration / chronology Koha item type
      Journals RRII Library RRII Library Rubber general 17/12/2021 Volume 92, Issue 2 Journals